000 01208cab a2200301 4500
001 ABS55618
008 090401t1996 xxu||||| |||| 00| 0 eng d
035 _a(Sirsi) u17601
041 _aeng
245 _aBritish Telecommunications plc v Broadway (VO) (No 2)
260 _c1996
350 _a0
490 _aRating Appeals
_v[1996] RA 297-324(15)
520 _aLT 29 March 1996. The ratepayers sought a reduction in rateable value as Aldershot (where the premises were situated) stood out from nearby towns as having relatively low office rents. They further contended that an allowance should be made for the size of the property and the effect on rental value of the ground and upper floors from the lack of passenger lift services. "Held" assessment to be reduced by £28,750.
650 _aASSESSMENTS
650 _aBRITISH TELECOMMUNICATIONS PLC V BROADWAY (VO) (NO 2)
650 _aBUSINESS RATES
650 _aLARGE OFFICE BUILDING
650 _aLIFTS
650 _aOFFICE BUILDINGS
650 _aOFFICE RENTS
650 _aRATEABLE VALUE
650 _aRATING APPEALS
650 _aREDUCTION
690 _aRATING AND VALUATION-CASE LAW
942 _n0
948 _c04/03/1997
999 _c11667
_d11667